[Event "ESP-ch"]
[Site "?"]
[Date "1994.??.??"]
[Round "?"]
[White "Cacho Reigadas, Sergio"]
[Black "Garcia Ilundain, David"]
[WhiteElo "2385"]
[BlackElo "2475"]
[Result "1-0"]

1. Nf3 Nf6 2. c4 e6 3. Nc3 b6 4. g3 Bb7 5. Bg2 Be7 6. O-O O-O 7. d4 d5 8. Ne5 Nbd7 9. Qa4 Nb8 10. Rd1 Qc8 11. cxd5 Nxd5 12. Nxd5 exd5 13. Bf4 Qe6 14. Rac1 Bd6 15. b4 Rd8 16. Qb3 c6 17. h4 Bxe5 18. Bxe5 Nd7 19. Bf4 Qxe2 20. Re1 Qg4 21. Re7 Re8 22. Rce1 Nf6 23. f3 Qc8 24. Bg5 Rxe7 25. Rxe7 Ba6 26. Qe3 Kf8 27. Kh2 Qd8 28. Re5 Kg8 29. Bxf6 gxf6 30. Rh5 Qf8 31. Qf4 Qg7 32. Rf5 Re8 33. Rxf6 Bb5 34. h5 Re2 35. Rd6 Qf8 36. Qg5+ Kh8 37. Qf6+ Kg8 38. h6 Re8 39. f4 Bd3 40. g4 Bg6 41. g5 Bf5 42. Rxc6 Re6 43. Rxe6 fxe6 44. Qxf8+ Kxf8 45. Bh3 Bb1 46. Bxe6 Bxa2 47. f5 Bb1 48. b5 

1-0

[Event "Moscow ol"]
[Site "?"]
[Date "1994.??.??"]
[Round "?"]
[White "Cacho Reigadas, Sergio"]
[Black "Bricard, Emmanuel"]
[WhiteElo "2385"]
[BlackElo "2455"]
[Result "1-0"]

1. d4 e6 2. Nf3 f5 3. g3 Nf6 4. Bg2 d5 5. c4 c6 6. O-O Bd6 7. b3 Qe7 8. Bb2 b6 9. Qc2 O-O 10. Ne5 Bb7 11. e3 Nbd7 12. Nd2 Rac8 13. Rac1 Ne4 14. Nxd7 Qxd7 15. Nf3 c5 16. Rfd1 dxc4 17. bxc4 Qc7 18. d5 exd5 19. cxd5 b5 20. Nh4 Qf7 21. Nxf5 Qxf5 22. Bxe4 Qh5 23. Bg2 c4 24. Bd4 a5 25. e4 c3 26. Re1 Bc5 27. Bxc5 Rxc5 28. f4 b4 29. d6 g5 30. f5 Qe8 31. Qd3 Qe5 32. Qe3 Kh8 33. Qxg5 Qxd6 34. Red1 Qe5 35. Qh6 Qe7 36. Rd7 Rf6 37. Rxe7 Rxh6 38. Rxb7 Rd6 39. Bf3 c2 40. e5 Rd2 41. f6 

1-0

[Event "Wch U26"]
[Site "?"]
[Date "1998.08.18"]
[Round "?"]
[White "Cacho Reigadas, Sergio"]
[Black "Claesen, Jeroen"]
[WhiteElo "2425"]
[BlackElo "2330"]
[Result "1-0"]

1. d4 Nf6 2. c4 c5 3. d5 b5 4. a4 bxc4 5. Nc3 g6 6. e4 d6 7. Bxc4 Ba6 8. Bb5+ Bxb5 9. axb5 Bg7 10. Nf3 O-O 11. O-O Nfd7 12. Bf4 a6 13. Qe2 Nb6 14. bxa6 Ra7 15. Ra3 Na8 16. Nb5 Rxa6 17. Rxa6 Nxa6 18. Nxd6 Nb4 19. Nc4 Nb6 20. Rd1 Na4 21. d6 exd6 22. Bxd6 Re8 23. Bxc5 Qxd1+ 24. Qxd1 Nxc5 25. e5 Nbd3 26. g3 Rb8 27. Ne1 Rb4 28. e6 fxe6 29. Nxd3 Rxc4 30. Nf4 Bd4 31. Qe2 Rc1+ 32. Kg2 e5 33. b4 exf4 34. Qe8+ Kg7 35. Qe7+ Kg8 36. Qd8+ Kf7 37. bxc5 Bxc5 38. Qd2 f3+ 39. Kxf3 

1-0

[Event "ESP-ch"]
[Site "?"]
[Date "1994.??.??"]
[Round "?"]
[White "Cacho Reigadas, Sergio"]
[Black "Anguix Garrido, Juan F"]
[WhiteElo "2385"]
[BlackElo "2325"]
[Result "1-0"]

1. d4 e6 2. Nf3 f5 3. g3 Nf6 4. Bg2 d5 5. O-O Bd6 6. c4 O-O 7. b3 a5 8. Ba3 Nc6 9. e3 Bd7 10. cxd5 Nxd5 11. Nfd2 Ndb4 12. Nc4 Be7 13. Bb2 Bf6 14. Qe2 Be8 15. Rd1 Bf7 16. f4 Qe8 17. Bf3 Rd8 18. Nc3 g5 19. Rac1 Bg6 20. a3 Nd5 21. Nxd5 exd5 22. Ne5 Bf7 23. Rd2 Nxe5 

1-0

[Event "ESP-ch"]
[Site "?"]
[Date "1997.10.06"]
[Round "?"]
[White "Cacho Reigadas, Sergio"]
[Black "Buxade Roca, Guillermo"]
[WhiteElo "2445"]
[BlackElo "2275"]
[Result "1-0"]

1. d4 d5 2. c4 dxc4 3. Nf3 Nf6 4. e3 Bg4 5. Bxc4 e6 6. h3 Bh5 7. Nc3 a6 8. O-O Nc6 9. Be2 Bd6 10. e4 Bxf3 11. Bxf3 Nxd4 12. Be3 Nxf3+ 13. Qxf3 Nd7 14. Rad1 O-O 15. Qg4 Qe7 16. Kh1 Ne5 17. Qh5 Rad8 18. Bc1 f6 19. f4 Ng6 20. f5 exf5 21. Rxf5 Bb4 22. Rfd5 c6 23. R5d4 Rxd4 24. Rxd4 Rd8 25. Qd1 Bd6 26. Be3 Qe5 27. Bg1 Kh8 28. Rd2 Qe7 29. Bc5 Bxc5 30. Rxd8+ Nf8 31. Na4 Ba7 32. Ra8 Bf2 33. Qd7 Qb4 34. Qd2 Bc5 35. Nxc5 Qxc5 36. b4 Qe7 37. Qd7 Qxb4 38. Qf7 

1-0

[Event "Spanish Championship"]
[Site "?"]
[Date "2000.08.12"]
[Round "?"]
[White "Cacho Reigadas, Sergio"]
[Black "Ramon Perez, Jose Luis"]
[WhiteElo "2444"]
[BlackElo "2274"]
[Result "1-0"]

1. e4 e6 2. Nf3 d5 3. e5 c5 4. b4 c4 5. c3 Nd7 6. d3 a5 7. dxc4 dxc4 8. Bxc4 axb4 9. O-O Qa5 10. a4 Nb6 11. Bb5+ Bd7 12. cxb4 Bxb4 13. Na3 Bc6 14. Nd4 O-O-O 15. Bxc6 bxc6 16. Qf3 Rxd4 17. Qxc6+ Kb8 18. Qe8+ Nc8 19. Nc2 Rd8 20. Nxb4 Rxe8 21. Nc6+ Ka8 22. Nxa5 Nge7 23. Rb1 Nd5 24. Be3 Nce7 25. Rb7 Nc6 26. Rxf7 Nxa5 27. Ra7+ Kb8 28. Rb1+ Kc8 29. Rxa5 Nxe3 30. Rc5+ Kd8 31. Rb8+ Kd7 32. Rb7+ Kd8 33. fxe3 

1-0

[Event "Wch U26"]
[Site "?"]
[Date "1996.??.??"]
[Round "?"]
[White "Telljohann, Sven"]
[Black "Cacho Reigadas, Sergio"]
[WhiteElo "2420"]
[BlackElo "2410"]
[Result "0-1"]

1. d4 Nf6 2. Nf3 c5 3. d5 b5 4. c4 Bb7 5. a4 b4 6. Nbd2 d6 7. e4 e5 8. h3 Nbd7 9. b3 g6 10. g4 Bg7 11. Bd3 Qe7 12. Nf1 h5 13. g5 Nh7 14. Be3 f6 15. gxf6 Bxf6 16. Qd2 O-O-O 17. O-O-O Kb8 18. h4 Bc8 19. Ng5 Nxg5 20. hxg5 Bg7 21. Rh4 Rdf8 22. Nh2 Nf6 23. f3 Nh7 24. Rg1 Rf7 25. Bf1 Rhf8 26. Bh3 Rf4 27. Bxf4 exf4 28. Bxc8 Qe5 29. Kd1 Kxc8 30. Ke2 Nxg5 31. Nf1 Nxe4 32. fxe4 Qxe4+ 33. Qe3 Qc2+ 34. Qd2 Re8+ 

0-1

[Event "Memorial Capablanca Premier I"]
[Site "?"]
[Date "2002.05.13"]
[Round "?"]
[White "Alvarez, Jose"]
[Black "Cacho Reigadas, Sergio"]
[WhiteElo "2403"]
[BlackElo "2469"]
[Result "0-1"]

1. Nf3 Nf6 2. g3 d5 3. Bg2 c6 4. O-O Bf5 5. b3 e6 6. Bb2 Be7 7. d3 h6 8. Nbd2 O-O 9. c4 a5 10. a3 Na6 11. Ra2 Bh7 12. Qa1 b5 13. cxb5 cxb5 14. e4 Rc8 15. Rd1 Nc5 16. exd5 exd5 17. Bh3 Nxd3 18. Bd4 Rc6 19. Nh4 Qc7 20. Nf5 Bd8 21. Nf1 Nc5 22. Be5 Qb7 23. Nd4 Rb6 24. b4 Ncd7 25. Bf4 Ra6 26. Nd2 axb4 27. axb4 Rxa2 28. Qxa2 Bd3 29. Qa3 Bc4 30. Nf5 Bb6 31. Qf3 Qa7 32. Nxc4 bxc4 33. Ne7+ Kh8 34. Nxd5 Nxd5 35. Qxd5 Bxf2+ 36. Kh1 Nb6 37. Qd6 Re8 38. Bxh6 c3 39. Rf1 Nc4 40. Qc6 Qa8 41. Qxa8 Rxa8 42. Bf4 Be3 43. Bg2 Rd8 44. Be4 Rd4 45. Bc2 Bxf4 46. gxf4 Ne3 47. Rc1 Nxc2 

0-1

[Event "ESP-ch Universities"]
[Site "?"]
[Date "2002.04.24"]
[Round "?"]
[White "Perez Candelario, Manuel"]
[Black "Cacho Reigadas, Sergio"]
[WhiteElo "2379"]
[BlackElo "2469"]
[Result "0-1"]

1. e4 c5 2. Nf3 e6 3. d4 cxd4 4. Nxd4 a6 5. Bd3 Nf6 6. O-O Qc7 7. c4 Nc6 8. Nxc6 dxc6 9. Nc3 e5 10. Be3 Ng4 11. Bd2 Bc5 12. h3 Nf6 13. Na4 Bd4 14. Rc1 Be6 15. Qf3 Qe7 16. a3 O-O 17. Bc3 Rad8 18. Bb4 c5 19. Ba5 Rd6 20. b4 Nd7 21. Rb1 b6 22. bxc5 Nxc5 23. Nxc5 Bxc5 24. Bb4 Rc8 25. Qg3 f6 26. Rfc1 Rd4 27. Bc3 Rd7 28. Bb4 Rcd8 29. Be2 Rd4 30. Bxc5 Qxc5 31. Bg4 Qf8 

0-1